Statistics for Island Geography by Letter – T

Click here to take the quiz!

General Stats

  • This quiz has been taken 62 times
  • The average score is 13 of 19

Answer Stats

HintAnswer% Correct
Host of the 2020 OlympicsTokyo
98%
Countries of Oceania beginning with TTonga
98%
Officially the Republic of ChinaTaiwan
96%
London's riverThames
96%
Tuvalu
96%
Capital of the aboveTaipei
93%
Main island of French PolynesiaTahiti
89%
The land under the land down underTasmania
89%
Partner of the aboveTobago
87%
Southernmost island in the West IndiesTrinidad
87%
Language of the PhilippinesTagalog
84%
Largest of the Canary IslandsTenerife
78%
Island which has officially been divided between two countries since 2002Timor
60%
British overseas territory to the southeast of the BahamasTurks and Caicos Islands
40%
Volcanic British territory in the South AtlanticTristan da Cunha
36%
New Zealand territory north of SamoaTokelau
24%
Island group between Cape York and New GuineaTorres Strait Islands
15%
Polynesian archipelago and the world's longest chain of atollsTuamotu Archipelago
4%
Māori name for each of New Zealand's Islands (name either)Te Ika-a-Māui / Te Waipounamu
2%

Score Distribution

Percentile by Number Answered

Percent of People with Each Score

Your Score History

You have not taken this quiz